Podpora regionálnych energetických politík - medzinárodný vedecký projekt "ENER SUPPLY"
Zapojenie Slovenska do projektu ENERSUPPLY. Cieľom projektu je dosiahnuť energetickú efektívnosť a rovnováhu na regionálnej a národnej úrovni prostredníctvom efektívneho využívania obnoviteľných zdrojov energií, meraním a zvyšovaním energetickej efektívnosti.
Saved in:
| Main Author: | |
|---|---|
| Format: | Book Chapter |
| Language: | Slovak |
| Subjects: | |
| Tags: |
No Tags, Be the first to tag this record!
|
MARC
| LEADER | 00000nla$a2200000$$$4500 | ||
|---|---|---|---|
| 001 | 0142391 | ||
| 005 | 20240502072542.8 | ||
| 041 | 0 | |a slo | |
| 044 | |a SK | ||
| 245 | 1 | 0 | |a Podpora regionálnych energetických politík - medzinárodný vedecký projekt "ENER SUPPLY" |c Pavol Andrejovský |
| 500 | |a Prezentácia | ||
| 520 | |a Zapojenie Slovenska do projektu ENERSUPPLY. Cieľom projektu je dosiahnuť energetickú efektívnosť a rovnováhu na regionálnej a národnej úrovni prostredníctvom efektívneho využívania obnoviteľných zdrojov energií, meraním a zvyšovaním energetickej efektívnosti. | ||
| 610 | 2 | 0 | |a energetika |
| 610 | 2 | 0 | |a politika energetická |
| 610 | 2 | 0 | |a Slovensko |
| 610 | 2 | 0 | |a zdroje energie obnoviteľné |
| 610 | 2 | 0 | |a biomasa |
| 610 | 2 | 0 | |a bioplyn |
| 100 | 1 | |a Andrejovský, Pavol, 1975- | |